Statistics for Countries of the europe-map quis

Click here to take the quiz!

General Stats

  • This quiz has been taken 12 times
  • The average score is 43 of 45

Answers on the Map

Answers color-coded by a green-red scale on the quiz's map according to % correct below.
 

Answer Stats

Answer% Correct
austria
100%
belarus
100%
denmark
100%
estonia
100%
finland
100%
france
100%
germany
100%
greece
100%
iceland
100%
ireland
100%
italy
100%
latvia
100%
liechtenstein
100%
luxembourg
100%
netherlands
100%
norway
100%
poland
100%
portugal
100%
romania
100%
russia
100%
slovenia
100%
spain
100%
sweden
100%
switzerland
100%
ukraine
100%
united kingdom
100%
andorra
92%
belgium
92%
croatia
92%
hungary
92%
kosovo
92%
lithuania
92%
monaco
92%
north macedonia
92%
slovakia
92%
vatican
92%
albania
83%
bosnia and herzegovina
83%
bulgaria
83%
czechia
83%
malta
83%
moldova
83%
montenegro
83%
san marino
83%
serbia
83%

Score Distribution

Percentile by Number Answered

Percent of People with Each Score

Your Score History

You have not taken this quiz